| 000 -LEADER |
| fixed length control field |
00355cam a22001337a 4500 |
| 008 - FIXED-LENGTH DATA ELEMENTS--GENERAL INFORMATION |
| fixed length control field |
180718b1981 xxu||||| |||| 00| 0 eng d |
| 082 ## - DEWEY DECIMAL CLASSIFICATION NUMBER |
| Classification number |
A99 C429 V59 |
| 100 ## - MAIN ENTRY--PERSONAL NAME |
| Personal name |
Verma, D.C. |
| 245 ## - TITLE STATEMENT |
| Title |
Sir Chhotu Ram: life and times |
| Statement of responsibility, etc. |
by D.C. Verma |
| 260 ## - PUBLICATION, DISTRIBUTION, ETC. |
| Place of publication, distribution, etc. |
New Delhi |
| Name of publisher, distributor, etc. |
Sterling |
| Date of publication, distribution, etc. |
1981 |
| 300 ## - PHYSICAL DESCRIPTION |
| Extent |
220p. |
| 500 ## - GENERAL NOTE |
| General note |
Rs.60.00 |
| 650 ## - SUBJECT ADDED ENTRY--TOPICAL TERM |
| Topical term or geographic name entry element |
Chhotu Ram, 1881-1945 |